书目信息 |
| 题名: |
大画家
|
|
| 作者: | 杨峻 绘 | |
| 分册: | 尹冰泉 林小涌 杨峻 王娟 许敬如 | |
| 出版信息: | 天津 天津人民美术出版社 2020.1 |
|
| 页数: | 56页 | |
| 开本: | 29×29cm | |
| 丛书名: | ||
| 单 册: | ||
| 中图分类: | J221 , J222.77 | |
| 科图分类: | ||
| 主题词: | 绘画--作品集--中国--现代 , 中国画--花鸟画--作品集--中国--现代 | |
| 电子资源: | ||
| ISBN: | 978-7-5305-9486-5 | |
| 000 | 01677nam0 2200253 45 | |
| 001 | 012001001148 | |
| 005 | 20130910155343.0 | |
| 010 | @a978-7-5305-9486-5@dCNY60.00 | |
| 100 | @a20201128d2020 em y0chiy0110 ea | |
| 101 | 0 | @achi |
| 102 | @aCN@b120000 | |
| 105 | @aa z 000yy | |
| 106 | @ar | |
| 200 | 1 | @a大画家@i尹冰泉 林小涌 杨峻 王娟 许敬如@f杨峻绘@Ada hua jia |
| 210 | @a天津@c天津人民美术出版社@d2020.1 | |
| 215 | @a56页@d29×29cm | |
| 330 | @a全书共收录 尹冰泉山水画, 林小涌人物画, 杨峻花鸟画, 王娟花鸟画百余幅作品。四位画家在各自的艺术领域形成了自己的风格。尹冰泉的作品,其选材大多着眼于身边的景物,通过尹冰泉的画笔,这些熟悉的图景被艺术化地呈现于观者的眼前,真实却透出情趣,作者对于生活的细腻观察由此可见一斑。尹冰泉的绘画作品工笔、写意兼而有之,自然融汇,体现出作者深厚的中国画功底。林小涌以画入禅。其人物画以造菩萨罗汉法相为主,取法古人,庄严而见慈悲,此乃心中原有而寄诸笔墨而已矣。寺庙中所设佛像,实为使礼佛者见之而生敬畏之心,能作自省,修心近道,而非为求功名利禄者所设。小涌之作佛像,也应作如是观,可谓用心良苦也。杨峻艺术之路初习山水、人物,后主攻花鸟,尤喜草虫。他的花鸟画的墨、色、线体现出强烈的韵味和谐,格调高雅、富有灵气意味无穷。王娟用合理的技法表现理想化的山水记忆,同时,她在用自己的艺术气质去解读南方山水的气质,去挖掘南方山水的的内秀,从而在将人之性情寄托于山水之中,呈现出作品朴厚辽远,天地相合的人性精神。王娟所诉求的是厚、重、实,而不是奇、异、怪,形成了她的作品一致的倾向性:格调高雅,气魄雄阔。 | |
| 606 | 0 | @a绘画@x作品集@y中国@z现代 |
| 606 | 0 | @a中国画@x花鸟画@x作品集@y中国@z现代 |
| 690 | @aJ221@v5 | |
| 690 | @aJ222.77@v5 | |
| 701 | 0 | @a杨峻@Ayang jun@4绘 |
| 801 | @aCN@b江苏凤凰@c20211018 | |
| 905 | @b1342383-5@dJ221@e168@f3 | |
| 大画家.尹冰泉 林小涌 杨峻 王娟 许敬如/杨峻绘.-天津:天津人民美术出版社,2020.1 |
| 56页;29×29cm |
| ISBN 978-7-5305-9486-5:CNY60.00 |
| 全书共收录 尹冰泉山水画, 林小涌人物画, 杨峻花鸟画, 王娟花鸟画百余幅作品。四位画家在各自的艺术领域形成了自己的风格。尹冰泉的作品,其选材大多着眼于身边的景物,通过尹冰泉的画笔,这些熟悉的图景被艺术化地呈现于观者的眼前,真实却透出情趣,作者对于生活的细腻观察由此可见一斑。尹冰泉的绘画作品工笔、写意兼而有之,自然融汇,体现出作者深厚的中国画功底。林小涌以画入禅。其人物画以造菩萨罗汉法相为主,取法古人,庄严而见慈悲,此乃心中原有而寄诸笔墨而已矣。寺庙中所设佛像,实为使礼佛者见之而生敬畏之心,能作自省,修心近道,而非为求功名利禄者所设。小涌之作佛像,也应作如是观,可谓用心良苦也。杨峻艺术之路初习山水、人物,后主攻花鸟,尤喜草虫。他的花鸟画的墨、色、线体现出强烈的韵味和谐,格调高雅、富有灵气意味无穷。王娟用合理的技法表现理想化的山水记忆,同时,她在用自己的艺术气质去解读南方山水的气质,去挖掘南方山水的的内秀,从而在将人之性情寄托于山水之中,呈现出作品朴厚辽远,天地相合的人性精神。王娟所诉求的是厚、重、实,而不是奇、异、怪,形成了她的作品一致的倾向性:格调高雅,气魄雄阔。 |
| ● |
| 相关链接 |
|
|
|
|
正题名:大画家
索取号:J221/168
 
预约/预借
| 序号 | 登录号 | 条形码 | 馆藏地/架位号 | 状态 | 备注 |
| 1 | 1342383 | 213423838 | 第一样本阅览室/ [索取号:J221/168] | 在馆 | |
| 2 | 1342384 | 213423847 | 第一借阅区/ [索取号:J221/168] | 在馆 | |
| 3 | 1342385 | 213423856 | 第一借阅区/ [索取号:J221/168] | 在馆 |